[Event "World Rapid 2025"]
[Site "Doha QAT"]
[Date "2025.12.27"]
[Round "9.93"]
[White "Iniyan, Pa"]
[Black "Ganguly, Surya Shekhar"]
[Result "1-0"]
[WhiteTitle "GM"]
[BlackTitle "GM"]
[WhiteElo "2598"]
[BlackElo "2568"]
[WhiteFideId "25002767"]
[BlackFideId "5002150"]
[EventDate "2025.12.26"]

1. d4 d5 2. c4 e6 3. Nc3 Nf6 4. Bg5 Be7 5. e3 O-O 6. Nf3 b6 7. Qb3 Bb7 8. Bxf6
Bxf6 9. cxd5 exd5 10. Rd1 Re8 11. Bd3 g6 12. O-O Bg7 13. Rfe1 a5 14. a3 Qd7 15.
h4 Re7 16. h5 a4 17. Qc2 Ra5 18. Rc1 c5 19. hxg6 hxg6 20. dxc5 bxc5 21. Red1 d4
22. Be4 Qe8 23. Bxb7 dxc3 24. Bd5 cxb2 25. Rb1 c4 26. Bxc4 Rc7 27. Qd3 Rac5 28.
Ba2 Rc1 29. Nd4 Rxd1+ 30. Qxd1 Qc8 31. Qxa4 Rc1+ 32. Kh2 Qg4 33. Qe8+ Kh7 34.
Nf3 Nd7 35. Qe7 Nf6 36. Rxb2 Qh5+ 37. Kg3 Qg4+ 38. Kh2 Qh5+ 39. Kg3 Rc7 40. Qb4
Bf8 41. Qh4 Ne4+ 42. Kh2 Bd6+ 43. g3 Qxh4+ 44. Nxh4 Bxa3 45. Re2 Rc1 46. Bxf7 g5
47. Bg6+ Kh6 48. Bxe4 gxh4 49. g4 Rc4 50. Bf5 Bd6+ 51. Kh3 Rc1 52. Be4 Kg5 53.
f4+ Bxf4 54. exf4+ Kxf4 55. Bg2 Rc7 56. Rf2+ Kg5 57. Rf5+ 1-0

[Event "World Rapid 2025"]
[Site "Doha QAT"]
[Date "2025.12.27"]
[Round "9.94"]
[White "Naiditsch, Arkadij"]
[Black "Lobanov, Sergei"]
[Result "0-1"]
[WhiteTitle "GM"]
[BlackTitle "GM"]
[WhiteElo "2574"]
[BlackElo "2527"]
[WhiteFideId "4650891"]
[BlackFideId "24183750"]
[EventDate "2025.12.26"]

1. e4 c5 2. Nf3 Nc6 3. Bb5 g6 4. Bxc6 bxc6 5. d4 Bg7 6. dxc5 Qa5+ 7. Nbd2 Qxc5
8. O-O d6 9. Re1 Nh6 10. e5 dxe5 11. Nb3 Qd5 12. Bxh6 Bxh6 13. Nxe5 f6 14. Nd3
a5 15. Qe2 e5 16. Rad1 Qc4 17. Nd2 Qxc2 18. Nxe5 O-O 19. Nec4 Bf5 20. g4 Bd3 21.
Qe6+ Kh8 22. b3 Qxa2 23. Qe7 a4 24. Ne4 Rae8 25. Qc7 Rxe4 26. Rxe4 Bxe4 27. Nd6
Qe2 0-1

[Event "World Rapid 2025"]
[Site "Doha QAT"]
[Date "2025.12.27"]
[Round "9.95"]
[White "Najer, Evgeniy"]
[Black "Salinas Herrera, Pablo"]
[Result "1-0"]
[WhiteTitle "GM"]
[BlackTitle "GM"]
[WhiteElo "2619"]
[BlackElo "2473"]
[WhiteFideId "4118987"]
[BlackFideId "3407128"]
[EventDate "2025.12.26"]

1. e4 e5 2. Nf3 Nc6 3. Bb5 a6 4. Ba4 Nf6 5. O-O d6 6. Re1 Bd7 7. Bxc6 bxc6 8. d4
exd4 9. Qxd4 Be7 10. e5 dxe5 11. Qxe5 Kf8 12. b3 Ne8 13. Ba3 Nd6 14. Nc3 Bf6 15.
Qa5 Kg8 16. Rad1 Bg4 17. Bxd6 cxd6 18. Qxd8+ Rxd8 19. Rxd6 h6 20. Rxd8+ Bxd8 21.
Re8+ Kh7 22. Rxh8+ Kxh8 23. Ne5 Be6 24. Nxc6 Bf6 25. Ne4 Bb2 26. c4 Bf5 27. f3
Bd7 28. Nb8 Bc8 29. Nd6 Be6 30. Nxa6 f5 31. Kf1 Be5 32. Nc5 1-0

[Event "World Rapid 2025"]
[Site "Doha QAT"]
[Date "2025.12.27"]
[Round "9.96"]
[White "Suleymenov, Alisher"]
[Black "Yilmaz, Mustafa"]
[Result "0-1"]
[WhiteTitle "GM"]
[BlackTitle "GM"]
[WhiteElo "2505"]
[BlackElo "2595"]
[WhiteFideId "13707833"]
[BlackFideId "6302718"]
[EventDate "2025.12.26"]

1. d4 Nf6 2. c4 e6 3. Nc3 d5 4. Bg5 Be7 5. e3 Nbd7 6. Nf3 h6 7. Bf4 O-O 8. h3 c5
9. cxd5 Nxd5 10. Nxd5 exd5 11. dxc5 Nxc5 12. Be2 Qa5+ 13. Kf1 Bf6 14. Bd6 Rd8
15. b4 Qxb4 16. Rb1 Qa5 17. Rb5 Qxb5 18. Bxb5 Rxd6 19. Qc2 Ne4 20. g4 Be6 21.
Kg2 Rb6 22. Qd3 Rc8 23. Rf1 Nc3 24. Rc1 Nxb5 25. Rxc8+ Bxc8 26. Qxd5 Be6 27. Qc5
Nc3 28. Nd4 Bxd4 29. Qxd4 Nd5 30. a4 Ra6 31. Kg3 Nf6 32. e4 Bd7 33. f3 Rxa4 34.
Qe5 Bc6 35. h4 Ra3 36. Kg2 Nd7 37. Qe7 Ra2+ 38. Kg3 Nf8 39. h5 a5 40. g5 hxg5
41. Qxg5 Ne6 42. Qh4 Ra1 43. h6 gxh6 44. Qxh6 a4 45. Qf6 Rg1+ 46. Kf2 Rd1 47.
Qe7 Rd3 48. Ke2 Nf4+ 49. Kf2 Ne6 50. Ke2 Nf4+ 51. Kf2 a3 52. Qg5+ Ng6 53. Qa5
Kg7 54. Qb4 Ne5 55. Qe7 Nxf3 56. e5 Bd5 57. Qf6+ Kg8 58. Qd8+ Kh7 59. e6 fxe6
60. Qc7+ Kg6 61. Qg3+ Kf5 62. Qh3+ Ke5 63. Qh8+ Ke4 64. Qh7+ Kd4 65. Qg7+ Ne5
66. Qe7 Rf3+ 67. Ke1 Nd3+ 68. Kd1 Bb3+ 0-1

[Event "World Rapid 2025"]
[Site "Doha QAT"]
[Date "2025.12.27"]
[Round "9.69"]
[White "Quparadze, Giga"]
[Black "Raja, Rithvik R"]
[Result "1-0"]
[WhiteTitle "GM"]
[BlackTitle "GM"]
[WhiteElo "2502"]
[BlackElo "2541"]
[WhiteFideId "13602250"]
[BlackFideId "35007394"]
[EventDate "2025.12.26"]

1. e4 c5 2. Nf3 d6 3. d4 cxd4 4. Nxd4 Nf6 5. Nc3 a6 6. Be3 e5 7. Nb3 Be6 8. Be2
Be7 9. O-O O-O 10. Bf3 Nbd7 11. a4 Nb6 12. Nd2 Rc8 13. a5 Nc4 14. Nxc4 Rxc4 15.
Na4 Qc7 16. c3 Qc6 17. Nb6 Rxe4 18. Bg5 d5 19. Bxf6 gxf6 20. Bxe4 dxe4 21. Qa4
Qxa4 22. Rxa4 f5 23. Raa1 Rd8 24. Rfd1 Rd3 25. Kf1 Bb3 26. Re1 Kg7 27. g4 Kg6
28. Re2 Bc5 29. Rae1 Be6 30. gxf5+ Bxf5 31. Nc4 f6 32. Kg1 Rf3 33. b4 Rxc3 34.
Nxe5+ fxe5 35. bxc5 Rxc5 36. Rb2 Rxa5 37. Rxb7 Kg5 38. Kg2 Bg6 39. Re3 Kf4 40.
Rb8 Kf5 41. Rg3 Ra2 42. h4 a5 43. Rg5+ Ke6 44. h5 Bf7 45. Rb5 Kd6 46. Rf5 Bc4
47. Rbxe5 a4 48. Re8 a3 49. Ra5 Ra1 50. Rc8 Be6 51. Ra6+ Ke7 52. Rc7+ Kd8 53.
Rxh7 a2 54. Ra8+ Bc8 55. h6 1-0

[Event "World Rapid 2025"]
[Site "Doha QAT"]
[Date "2025.12.27"]
[Round "9.70"]
[White "Volokitin, Andrei"]
[Black "Klukin, Kirill"]
[Result "0-1"]
[WhiteTitle "GM"]
[BlackTitle "IM"]
[WhiteElo "2619"]
[BlackElo "2414"]
[WhiteFideId "14107090"]
[BlackFideId "24199273"]
[EventDate "2025.12.26"]

1. e4 c5 2. Nf3 g6 3. d4 cxd4 4. Nxd4 Nc6 5. c4 Nf6 6. Nc3 Nxd4 7. Qxd4 d6 8.
Be3 Bg7 9. f3 O-O 10. Qd2 a5 11. Na4 Be6 12. Be2 Nd7 13. O-O Nc5 14. Nc3 a4 15.
Rac1 Qa5 16. Rfd1 Rfc8 17. Nd5 Qxd2 18. Rxd2 Bxd5 19. cxd5 a3 20. b4 Nb3 21.
Rxc8+ Rxc8 22. axb3 Bb2 23. Rd1 a2 24. b5 a1=Q 25. Rxa1 Bxa1 26. Bc4 Bc3 27. h4
Ra8 28. Kh2 Ra1 29. b6 Bb4 30. Bb5 Bc5 31. Bxc5 dxc5 32. e5 Kf8 33. Kg3 f6 34.
e6 Rd1 35. Bc4 Rd2 36. f4 Kg7 37. Kf3 Rd4 38. g3 h6 39. Ke3 f5 40. Kf3 Kf6 41.
Ke3 g5 42. h5 Rd1 43. Ke2 Rg1 44. Kf2 Rb1 45. Kg2 Rb2+ 46. Kg1 Rd2 47. Kf1 gxf4
48. gxf4 Rd4 49. Ke2 Rxf4 50. Kd2 0-1

[Event "World Rapid 2025"]
[Site "Doha QAT"]
[Date "2025.12.27"]
[Round "9.71"]
[White "Nguyen, Ngoc Truong Son"]
[Black "Galaviz Medina, Sion Radamantys"]
[Result "1/2-1/2"]
[WhiteTitle "GM"]
[BlackTitle "IM"]
[WhiteElo "2600"]
[BlackElo "2514"]
[WhiteFideId "12401110"]
[BlackFideId "5123119"]
[EventDate "2025.12.26"]

1. e4 c5 2. c3 Nf6 3. e5 Nd5 4. Bc4 Nb6 5. Bb3 c4 6. Bc2 d6 7. exd6 Qxd6 8. Na3
Nc6 9. Qe2 Ne5 10. Nb5 Qc5 11. a4 a6 12. Nd4 Bg4 13. Ngf3 Nxf3+ 14. Nxf3 e6 15.
a5 Nd7 16. d4 cxd3 17. Bxd3 O-O-O 18. Be3 Qc6 19. h3 Bxf3 20. gxf3 Bc5 21. Bd2
Qc7 22. Bc2 Ne5 23. f4 Qc6 24. O-O-O Ng6 25. f5 exf5 26. Bxf5+ Kb8 27. Bg5 f6
28. Bd2 Rhe8 29. Qh5 Ne5 30. Bxh7 Bxf2 31. Bf4 Ka7 32. Rhf1 Qc5 33. Kb1 Be3 34.
Rxd8 Rxd8 35. Bxe5 fxe5 36. Rf7 Qd5 37. Qf3 Qxf3 38. Rxf3 Bf4 39. Bd3 g5 40. Kc2
b6 41. axb6+ Kxb6 42. Rf1 a5 43. Re1 Rh8 44. Bf5 Rd8 45. Re2 Kc5 46. Be4 Rh8 47.
Bg2 Rd8 48. Be4 1/2-1/2

[Event "World Rapid 2025"]
[Site "Doha QAT"]
[Date "2025.12.27"]
[Round "9.72"]
[White "Vokhidov, Shamsiddin"]
[Black "Suleimen, Ergali"]
[Result "1-0"]
[WhiteTitle "GM"]
[BlackTitle "IM"]
[WhiteElo "2641"]
[BlackElo "2419"]
[WhiteFideId "14204223"]
[BlackFideId "13724452"]
[EventDate "2025.12.26"]

1. e4 c5 2. Nf3 Nc6 3. Bb5 d6 4. O-O Bd7 5. Re1 a6 6. Bxc6 Bxc6 7. d4 cxd4 8.
Nxd4 Rc8 9. Nc3 Nf6 10. Bg5 e6 11. Nd5 Be7 12. Nxe7 Qxe7 13. Nf5 exf5 14. exf5
Be4 15. Bxf6 gxf6 16. f3 d5 17. fxe4 dxe4 18. Qg4 Kf8 19. c3 Re8 20. Rad1 Rg8
21. Qf4 Qe5 22. Qxe5 Rxe5 23. Rd8+ Kg7 24. Rxg8+ Kxg8 25. g4 h5 26. h3 hxg4 27.
hxg4 Rb5 28. b3 Rc5 29. c4 b5 30. Rxe4 bxc4 31. Rxc4 Rd5 32. a4 a5 33. Kf2 Rd3
34. Rc8+ Kg7 35. Rb8 Kh6 36. Ke2 Rg3 37. Kd2 Kg5 38. Kc2 Rg2+ 39. Kc3 Rxg4 40.
Rb5 Rg3+ 41. Kb2 Rg2+ 42. Ka3 Re2 43. Rxa5 Re5 44. Rxe5 fxe5 45. Kb2 Kf4 46. Kc2
Kg3 47. a5 e4 48. a6 e3 49. Kd3 Kf2 50. a7 e2 51. a8=Q e1=Q 52. Qa7+ Kf3 53.
Qxf7 Kf4 54. Qe6 Qd1+ 55. Kc4 Qf1+ 56. Kb4 Qf3 57. Qd6+ Kg5 58. Qe7+ Kh6 59.
Qe6+ Kh7 60. Kc5 Qc3+ 61. Kd6 Qb4+ 62. Kd7 Qb7+ 63. Kd8 Qb8+ 64. Ke7 Qb7+ 65.
Qd7 Qe4+ 66. Kf6+ 1-0

[Event "World Rapid 2025"]
[Site "Doha QAT"]
[Date "2025.12.27"]
[Round "9.73"]
[White "Can, Emre"]
[Black "Ohanyan, Emin"]
[Result "1-0"]
[WhiteTitle "GM"]
[BlackTitle "GM"]
[WhiteElo "2541"]
[BlackElo "2493"]
[WhiteFideId "6302181"]
[BlackFideId "13312022"]
[EventDate "2025.12.26"]

1. d4 d5 2. c4 c6 3. Nf3 Nf6 4. e3 g6 5. Nc3 Bg7 6. Be2 O-O 7. O-O Ne4 8. a4 a5
9. Qb3 dxc4 10. Bxc4 Nd6 11. Be2 Bf5 12. Nh4 Be6 13. Qd1 f5 14. Nf3 Kh8 15. b3
Nd7 16. Ba3 Nf6 17. Ne5 Nd5 18. Qc2 Nb4 19. Qb2 c5 20. Rad1 cxd4 21. exd4 Rc8
22. Bf3 Qb6 23. Rfe1 g5 24. d5 Bf7 25. g3 Qc7 26. Rc1 g4 27. Bg2 Bxe5 28. Rxe5
Nd3 29. Qe2 Nxc1 30. Bxc1 Ne4 31. Rxe4 fxe4 32. Bb2 Kg8 33. Bxe4 Bg6 34. Bxg6
hxg6 35. Qe6+ Kh7 36. Ne4 Rf5 37. Ng5+ Kh6 38. Nf7+ Rxf7 39. Qxf7 e5 40. Qe6 Qc2
41. Qxg4 Re8 42. Qh3+ Kg5 43. f4+ exf4 44. Qh4+ Kf5 45. Qxf4# 1-0

[Event "World Rapid 2025"]
[Site "Doha QAT"]
[Date "2025.12.27"]
[Round "9.74"]
[White "Pranesh, M"]
[Black "Tran, Thanh Tu"]
[Result "1-0"]
[WhiteTitle "GM"]
[BlackTitle "IM"]
[WhiteElo "2627"]
[BlackElo "2402"]
[WhiteFideId "35028600"]
[BlackFideId "12401404"]
[EventDate "2025.12.26"]

1. e4 c5 2. Nc3 d6 3. f4 g6 4. Nf3 Bg7 5. Bb5+ Nc6 6. d3 e6 7. Bxc6+ bxc6 8. O-O
Ne7 9. e5 d5 10. Na4 c4 11. dxc4 O-O 12. b3 dxc4 13. Ba3 Nd5 14. Bxf8 Qxf8 15.
Qd4 Ba6 16. Nc5 Nxf4 17. Qf2 Bc8 18. bxc4 Rb8 19. Kh1 Rb4 20. Nd3 Rxc4 21. Nxf4
Rxf4 22. Qxa7 Rf5 23. Rad1 Bh6 24. Qb6 Kg7 25. Rd8 1-0

[Event "World Rapid 2025"]
[Site "Doha QAT"]
[Date "2025.12.27"]
[Round "9.75"]
[White "Gharibyan, Mamikon"]
[Black "Ponkratov, Pavel"]
[Result "1-0"]
[WhiteTitle "GM"]
[BlackTitle "GM"]
[WhiteElo "2491"]
[BlackElo "2587"]
[WhiteFideId "13308300"]
[BlackFideId "4157800"]
[EventDate "2025.12.26"]

1. d4 e6 2. c4 c5 3. d5 exd5 4. cxd5 d6 5. Nc3 a6 6. a4 g6 7. e4 Bg7 8. f4 Nh6
9. Nf3 Bg4 10. h3 Bxf3 11. Qxf3 Nd7 12. g4 Qh4+ 13. Qf2 Qe7 14. Bg2 f5 15. g5
Nf7 16. O-O O-O-O 17. Re1 Rde8 18. Be3 fxe4 19. Nxe4 h6 20. h4 hxg5 21. hxg5 Kb8
22. a5 Qd8 23. Ra4 Re7 24. Bf3 Qe8 25. b3 Rh3 26. Qg2 Qh8 27. Nf2 Rh4 28. Re4
Rxe4 29. Bxe4 Bd4 30. Qg3 Bc3 31. Re2 Nf8 32. Bd2 Bxd2 33. Rxd2 Rh7 34. Kg2 Qa1
35. Re2 Ka7 36. Bc2 Qxa5 37. Re8 Rh8 38. Re7 Nd8 39. Re8 Qd2 40. Be4 Nf7 41. Re7
Rh7 42. Re8 Nd7 43. Bxg6 Rg7 44. Bd3 Nxg5 45. Re2 Qc1 46. Rc2 Qe1 47. fxg5 Ne5
48. Be4 b5 49. g6 Kb6 50. Bf5 Qb4 51. Nh3 Qd4 52. Nf4 Qd1 53. Rf2 Rg8 54. g7 Qd4
55. Bh7 Ng4 56. Bxg8 Ne3+ 1-0

[Event "World Rapid 2025"]
[Site "Doha QAT"]
[Date "2025.12.27"]
[Round "9.76"]
[White "Lodici, Lorenzo"]
[Black "Mamedov, Edgar"]
[Result "0-1"]
[WhiteTitle "GM"]
[BlackTitle "GM"]
[WhiteElo "2590"]
[BlackElo "2492"]
[WhiteFideId "884189"]
[BlackFideId "13739980"]
[EventDate "2025.12.26"]

1. Nf3 d5 2. c4 e6 3. b3 Nf6 4. Bb2 Bd6 5. e3 O-O 6. Rg1 e5 7. Nxe5 Re8 8. Nf3
Nc6 9. cxd5 Nxd5 10. Nc3 Nf4 11. d3 Bf5 12. Qd2 Nb4 13. e4 Nfxd3+ 14. Bxd3 Bf4
15. Qe2 Qxd3 16. Qxd3 Nxd3+ 17. Kf1 Bxe4 18. Nxe4 Rxe4 19. Bc3 Rae8 20. Rd1 Nc1
21. g3 Ne2 22. gxf4 Nxc3 23. Rd7 Rxf4 24. Nd2 g6 25. Rg3 Re2 26. Ne4 Rfxe4 27.
Rxc3 Re1+ 28. Kg2 Rg4+ 29. Kf3 Rg5 30. Rdxc7 Rh1 31. R3c5 Rxc5 32. Rxc5 Rxh2 33.
Rc7 Rh5 34. Rxb7 Rf5+ 35. Kg3 a5 36. a3 h5 37. b4 axb4 38. axb4 h4+ 39. Kg2 h3+
40. Kxh3 Rxf2 41. Kg4 Kg7 42. Rb6 Rc2 43. Kf4 Re2 44. Rc6 Rb2 45. Rb6 Rb3 46.
Rb5 Rc3 47. Rb6 Rc1 48. Rb7 Rf1+ 49. Kg5 Rg1+ 50. Kf4 Kf6 51. Rb6+ Kg7 52. Rb7
Rf1+ 53. Kg5 Rf5+ 54. Kg4 Rd5 55. Kf4 Kf6 56. Rb6+ Ke7 57. Rb7+ Ke6 58. Rb6+ Rd6
59. Rb7 Rd4+ 60. Kg5 Rd5+ 61. Kf4 g5+ 62. Kg4 f6 63. Kh5 Kf5 64. Rb6 g4 65. Kh4
Rd3 66. Rb5+ Kf4 67. Kh5 g3 0-1

[Event "World Rapid 2025"]
[Site "Doha QAT"]
[Date "2025.12.27"]
[Round "9.97"]
[White "Ansat, Aldiyar"]
[Black "Vakhidov, Jakhongir"]
[Result "1/2-1/2"]
[WhiteTitle "IM"]
[BlackTitle "GM"]
[WhiteElo "2479"]
[BlackElo "2516"]
[WhiteFideId "13715658"]
[BlackFideId "14201801"]
[EventDate "2025.12.26"]

1. e4 c5 2. Nf3 g6 3. d4 cxd4 4. Nxd4 Bg7 5. Nc3 Nc6 6. Be3 Nf6 7. Nxc6 bxc6 8.
e5 Ng8 9. Bd4 Qa5 10. f4 Rb8 11. Qd2 Rxb2 12. Ne4 Qxd2+ 13. Kxd2 Rb4 14. c4 d5
15. Kc3 a5 16. Nc5 Nh6 17. a3 Rb8 18. Be2 O-O 19. Rab1 Be6 20. Na6 Rbc8 21. Rb7
dxc4 22. Rhb1 Nf5 23. Nc5 Bd5 24. Bg1 Nd6 25. Rxe7 Nb5+ 26. Kd2 Rfd8 27. Ke1 Bf8
28. Rb7 Nxa3 29. Rc1 Bxg2 30. Nd7 Be7 31. Nb6 Bh4+ 32. Bf2 Bxf2+ 33. Kxf2 Rb8
34. Rd1 Bd5 35. Nxd5 cxd5 36. Rxd5 Rxb7 37. Rxd8+ Kg7 38. Rc8 a4 39. Ke3 Ra7 40.
Kd2 Nb5 41. Bxc4 Rc7 42. Rxc7 Nxc7 43. Kc3 Ne6 44. Kb4 Nxf4 45. Kxa4 g5 46. Kb4
Ng6 47. e6 f5 48. Kc5 Kf6 49. Kd6 g4 50. Bb5 h6 51. Be8 Ne7 52. Bh5 Nc8+ 53. Kd7
Nb6+ 54. Kd6 Kg5 55. Kc6 Kf6 56. Kd6 Nc4+ 57. Kd7 Ne5+ 58. Kd6 Nc4+ 59. Kd7 Ne5+
60. Kd6 1/2-1/2

[Event "World Rapid 2025"]
[Site "Doha QAT"]
[Date "2025.12.27"]
[Round "9.98"]
[White "Harikrishnan, A. Ra"]
[Black "Zhang, Zhong"]
[Result "0-1"]
[WhiteTitle "GM"]
[BlackTitle "GM"]
[WhiteElo "2531"]
[BlackElo "2561"]
[WhiteFideId "5081483"]
[BlackFideId "8600694"]
[EventDate "2025.12.26"]

1. Nf3 Nf6 2. c4 e6 3. g3 d5 4. Bg2 Be7 5. O-O O-O 6. d4 c6 7. Qc2 Nbd7 8. Nbd2
b6 9. e4 dxc4 10. Nxc4 Bb7 11. h4 h6 12. e5 Nd5 13. Nfd2 c5 14. Ne4 cxd4 15. Qd1
Ba6 16. Qxd4 Bxc4 17. Qxc4 Nxe5 18. Qe2 Qc7 19. Qh5 Nd3 20. Bd2 Rad8 21. Qe2 Qc2
22. a3 Nf6 23. Rfd1 Nc5 24. Nxc5 Bxc5 25. b4 Bd4 26. Rac1 Qb3 27. g4 Qg3 28. Bc3
Bxf2+ 29. Qxf2 Rxd1+ 30. Rxd1 Qxc3 31. Bf3 Qe5 32. Qg2 g5 33. hxg5 hxg5 34. Qe2
Qxe2 35. Bxe2 Rc8 36. a4 Kg7 37. a5 Rc2 38. axb6 axb6 39. Bf3 Rc4 40. b5 Rb4 41.
Be2 Nd5 42. Rc1 Rb2 43. Bd3 Nf4 44. Bf1 Ne2+ 45. Bxe2 Rxe2 46. Rc6 Re4 47. Rxb6
Rxg4+ 48. Kf2 Rb4 49. Ke3 g4 50. Rb8 f5 51. b6 Kf6 0-1

[Event "World Rapid 2025"]
[Site "Doha QAT"]
[Date "2025.12.27"]
[Round "9.99"]
[White "Sapenov, Daniyal"]
[Black "Stefansson, Vignir Vatnar"]
[Result "1-0"]
[WhiteTitle "IM"]
[BlackTitle "GM"]
[WhiteElo "2440"]
[BlackElo "2519"]
[WhiteFideId "13728911"]
[BlackFideId "2308649"]
[EventDate "2025.12.26"]

1. e4 e6 2. d4 d5 3. Nd2 Be7 4. Ngf3 Nf6 5. Bd3 c5 6. exd5 exd5 7. dxc5 Bxc5 8.
O-O O-O 9. Nb3 Bb6 10. h3 Ne4 11. Nbd4 Nc6 12. c3 Re8 13. Be3 Bd7 14. Re1 Qf6
15. Nb5 Nc5 16. Bc2 a6 17. Nbd4 Ne4 18. Nxc6 Bxe3 19. Ne7+ Rxe7 20. Rxe3 Bc6 21.
Qd4 Rae8 22. Rae1 Qf4 23. a4 h5 24. R3e2 Qc7 25. Qb4 Nd6 26. Rxe7 Rxe7 27. Rxe7
Qxe7 28. Bd3 g6 29. Qf4 Ne4 30. Bc2 Qf6 31. Qxf6 Nxf6 32. Nd4 Bd7 33. h4 Kf8 34.
f3 Ke7 35. Kf2 Kd6 36. Ke3 Ke5 37. a5 Ne8 38. f4+ Kf6 39. Bb3 Nc7 40. Nf3 Bf5
41. g3 Ke7 42. Nd4 Be4 43. f5 Kf6 44. fxg6 fxg6 45. Ba4 Ke5 46. Bd7 Na8 47. Bc8 1-0

[Event "World Rapid 2025"]
[Site "Doha QAT"]
[Date "2025.12.27"]
[Round "9.100"]
[White "Kuandykuly, Danis"]
[Black "Saraci, Nderim"]
[Result "0-1"]
[WhiteTitle "FM"]
[BlackTitle "IM"]
[WhiteElo "2372"]
[BlackElo "2461"]
[WhiteFideId "13752260"]
[BlackFideId "6351921"]
[EventDate "2025.12.26"]

1. e4 c6 2. d4 d5 3. f3 g6 4. Nc3 Bg7 5. Be3 a6 6. Qd2 b5 7. a3 h5 8. Nge2 dxe4
9. fxe4 Nf6 10. e5 Ng4 11. Bg5 Nd7 12. Ne4 Nb6 13. Nd6+ Kf8 14. Nf4 Qc7 15.
Nxg6+ fxg6 16. Qf4+ Bf5 17. Nxf5 Nd5 18. Qe4 gxf5 19. Qxf5+ Ke8 20. Qg6+ Kd7 21.
Bd3 Rag8 22. Bf5+ Kd8 23. Be6 Nxe5 24. Qe4 Nc4 25. Bxg8 Rxg8 26. Qh7 Re8 27.
Qxg7 Qd6 28. O-O Nce3 29. Bxe3 Nxe3 30. Rf8 Ng4 31. Rxe8+ Kxe8 32. g3 Qe6 33. h3
Qe3+ 0-1

[Event "World Rapid 2025"]
[Site "Doha QAT"]
[Date "2025.12.27"]
[Round "9.101"]
[White "Nainys, Zanas"]
[Black "Wojtaszek, Radoslaw"]
[Result "0-1"]
[BlackTitle "GM"]
[WhiteElo "2307"]
[BlackElo "2667"]
[WhiteFideId "12844098"]
[BlackFideId "1118358"]
[EventDate "2025.12.26"]

1. d4 Nf6 2. c4 e6 3. Nf3 b6 4. Bf4 Bb4+ 5. Nfd2 Bb7 6. a3 Be7 7. e3 O-O 8. Nc3
d5 9. cxd5 Nxd5 10. Nxd5 exd5 11. Bd3 c5 12. O-O Nc6 13. dxc5 bxc5 14. Rc1 c4
15. Bb1 Bf6 16. b3 c3 17. Nf3 d4 18. b4 Ba6 19. Bd3 Bxd3 20. Qxd3 dxe3 21. Qxe3
Re8 22. Qc5 Nd4 23. Nxd4 Bxd4 24. Qb5 Qf6 25. Be3 Rxe3 26. fxe3 Bxe3+ 27. Kh1
Bxc1 28. Rxf6 gxf6 29. Qc4 Bb2 30. h4 Rd8 31. Kh2 h5 32. a4 Rd2 33. Qa2 Bc1 34.
Qa1 Rc2 35. b5 Bf4+ 36. Kh3 Rc1 0-1

[Event "World Rapid 2025"]
[Site "Doha QAT"]
[Date "2025.12.27"]
[Round "9.102"]
[White "Maksimovic, Bojan"]
[Black "Gaehwiler, Gabriel"]
[Result "1-0"]
[WhiteTitle "GM"]
[BlackTitle "IM"]
[WhiteElo "2533"]
[BlackElo "2382"]
[WhiteFideId "14408120"]
[BlackFideId "1314530"]
[EventDate "2025.12.26"]

1. c4 Nf6 2. Nf3 g6 3. Nc3 Bg7 4. e4 d6 5. d4 O-O 6. Be2 e5 7. O-O Qe7 8. d5 a5
9. Be3 Ng4 10. Bg5 f6 11. Bd2 f5 12. exf5 Bxf5 13. Ng5 Nf6 14. Bf3 Na6 15. Nge4
Nxe4 16. Nxe4 Nc5 17. Nxc5 dxc5 18. Be3 Rad8 19. Qd2 b6 20. Rfe1 Rde8 21. Bg5
Qd7 22. Be4 Rf7 23. f3 Bf8 24. Re2 Bd6 25. Rae1 Qa4 26. b3 Qd7 27. a4 h5 28. Bh4
Kh7 29. h3 Rg8 30. Bg3 Re8 31. Bxf5 Qxf5 32. Re4 g5 33. Qc3 Rfe7 34. R1e3 h4 35.
Be1 Kg8 36. Qd3 Kf7 37. Bd2 Rg8 38. Re1 Ke8 39. Qe3 Kd7 40. Kf1 g4 41. hxg4 Qh7
42. Qh6 Qxh6 43. Bxh6 Rh7 44. g5 Rg6 45. Rxh4 Rf7 46. Rhe4 Rf5 47. Kf2 Rg8 48.
Kg3 1-0

[Event "World Rapid 2025"]
[Site "Doha QAT"]
[Date "2025.12.27"]
[Round "9.103"]
[White "Ibarra Jerez, Jose Carlos"]
[Black "Wafa, Hamed"]
[Result "1/2-1/2"]
[WhiteTitle "GM"]
[BlackTitle "IM"]
[WhiteElo "2532"]
[BlackElo "2373"]
[WhiteFideId "2226332"]
[BlackFideId "10628452"]
[EventDate "2025.12.26"]

1. e4 e5 2. Nf3 Nc6 3. Nc3 Nf6 4. Nd5 Bc5 5. c3 O-O 6. d3 Nxd5 7. exd5 Ne7 8.
Nxe5 Nxd5 9. d4 Be7 10. Bd3 d6 11. Nf3 Bg4 12. h3 Bh5 13. Be4 c6 14. Bxd5 cxd5
15. Qb3 Bxf3 16. gxf3 Qa5 17. O-O Rfe8 18. Bf4 Bf8 19. Rfe1 b6 20. a4 Re6 21.
Re3 Rae8 22. Qb5 Qxb5 23. axb5 Ra8 24. Kf1 Be7 25. Rae1 Rxe3 26. fxe3 f5 27. Ra1
g5 28. Bg3 Kf7 29. Ke2 h5 30. Kd3 Ke6 31. b3 g4 32. hxg4 fxg4 33. fxg4 hxg4 34.
Rh1 Bg5 35. Rh5 Kf6 36. Bxd6 Kg6 37. Rh1 Re8 38. Be5 Rf8 39. Rg1 Rf3 40. Rg3 Kf5
41. c4 Bh4 42. Rg2 dxc4+ 43. bxc4 Bf2 44. Bb8 Bxe3 45. Bxa7 Bg1+ 46. Kd2 Bxd4
47. Bb8 Ra3 48. Rg3 Rxg3 49. Bxg3 Ke4 50. Bd6 Bg1 51. Bc7 Bc5 52. Ke2 Kf5 53.
Kf1 Bd4 54. Kg2 Bc5 55. Kg3 Ke4 56. Kxg4 Kd3 57. Bxb6 Kxc4 58. Bxc5 Kxb5 1/2-1/2

[Event "World Rapid 2025"]
[Site "Doha QAT"]
[Date "2025.12.27"]
[Round "9.104"]
[White "Sasikiran, Krishnan"]
[Black "Fandi, Mazen"]
[Result "1-0"]
[WhiteTitle "GM"]
[BlackTitle "FM"]
[WhiteElo "2538"]
[BlackElo "2304"]
[WhiteFideId "5004985"]
[BlackFideId "7611625"]
[EventDate "2025.12.26"]

1. d4 d5 2. c4 c6 3. Nf3 Nf6 4. Nc3 dxc4 5. a4 Bf5 6. Ne5 e6 7. f3 Bb4 8. e4 Bg6
9. Bxc4 Nbd7 10. Nd3 Be7 11. Be3 O-O 12. O-O Rc8 13. Bb3 a5 14. Rc1 Ne8 15. Qd2
Nc7 16. Rfd1 Na6 17. Ne2 Nb4 18. Nef4 Bd6 19. Nxb4 Bxb4 20. Qf2 Nf6 21. h4 Be7
22. g3 Kh8 23. Kg2 b5 24. axb5 cxb5 25. Rxc8 Qxc8 26. e5 Nh5 27. Nxg6+ fxg6 28.
d5 exd5 29. Bxd5 Qf5 30. f4 Bxh4 31. Qf3 Bxg3 32. Be4 Qe6 33. f5 gxf5 34. Qxh5
Qxe5 35. Qf3 Bh4 36. Bd5 Rf6 37. Bf4 Qe7 38. Bb3 h6 39. Kh3 Bg5 40. Bxg5 hxg5
41. Kg2 g6 42. Re1 Qd8 43. Qc3 g4 44. Re6 Kg7 45. Qe5 Qd2+ 46. Kf1 Qg5 47. Rc6
Qh4 48. Qe7+ Kh6 49. Qxf6 Qh3+ 50. Ke2 Qg2+ 51. Kd1 Qh1+ 52. Kd2 Qg2+ 53. Kc1
Qf1+ 54. Bd1 Qf4+ 55. Kb1 Qe4+ 56. Bc2 1-0